000 00481cam a2200145 4500500
005 20251228074216.0
041 _afre
042 _adc
100 1 0 _aBaron, Anne-Marie
_eauthor
245 0 0 _a« L'Auberge rouge » ou l'alchimie de la création
260 _c2009.
500 _a54
786 0 _nL'Année balzacienne | 9 | 1 | 2009-01-19 | p. 241-258 | 0084-6473
856 4 1 _uhttps://shs.cairn.info/revue-l-annee-balzacienne-2008-1-page-241?lang=fr&redirect-ssocas=7080
999 _c1597167
_d1597167